书目信息 |
| 题名: |
核电子学实验
|
|
| 作者: | 徐钧山 编 | |
| 分册: | ||
| 出版信息: | 北京 原子能出版社 1982 |
|
| 页数: | 343页 | |
| 开本: | 19cm | |
| 丛书名: | ||
| 单 册: | ||
| 中图分类: | TL82-33 | |
| 科图分类: | ||
| 主题词: | 辐射探测器--实验 | |
| 电子资源: | ||
| ISBN: | ||
| 000 | 00587nam0 2200229 45 | |
| 001 | 0182011010 | |
| 005 | 20060815175007.43 | |
| 010 | @dCNY1.40 | |
| 091 | @a15175.379 | |
| 100 | @a19950531d1982 emky0chiy0121 ea | |
| 101 | 0 | @achi |
| 102 | @aCN@b110000 | |
| 105 | @ay z 000yy | |
| 200 | 10 | @a核电子学实验@Ahe dian zi xue shi yan@f徐钧山编 |
| 210 | @a北京@c原子能出版社@d1982 | |
| 215 | @a343页@d19cm | |
| 606 | @a辐射探测器@x实验 | |
| 690 | @aTL82-33@v3 | |
| 701 | 0 | @a徐钧山@Axu jun shan@4编 |
| 801 | 2 | @aCN@bNLC@c20060815 |
| 801 | 0 | @aCN@bTSSF |
| 905 | @a10447@dTL82-33@e30 | |
| 核电子学实验/徐钧山编.-北京:原子能出版社,1982 |
| 343页;19cm |
| ISBN :CNY1.40 |
| ● |
| 相关链接 |
|
|
|
|
正题名:核电子学实验
索取号:TL82-33/30
 
预约/预借
| 序号 | 登录号 | 条形码 | 馆藏地/架位号 | 状态 | 备注 |
| 1 | 0458272 | 204582727 | 密集书库/ [索取号:TL82-33/30] | 在馆 |